Bratislavská lýra '86 kapely starnú; lepšie je žiť

Bibliographic Details
Main Author: Lehotský, Ján, 1947- (Composer, Singer)
Corporate Author: Modus (hudobná skupina) (Author)
Other Authors: Hammel, Pavol, 1948- (Singer), Peteraj, Kamil, 1945- (Lyricist)
Format: CD Audio
Language:Slovak
PhysicalDescription:1 gramofónová platňa 18 cm
Published: [Bratislava] Opus [1986]
Subjects:

MARC

LEADER 00000njm a2200000 4500
001 vtls012004929
003 SK-MaSNL
005 20260425231147.0
007 sd cszc p
008 201126s1986 xo ppz g 0 0 slo
028 0 1 |a 9143 0654  |b Opus 
028 1 3 |a OH 4939/A A  |b Opus 
028 1 3 |a OH 4940/A A  |b Opus 
040 |a SNK  |b slo  |c SNK  |e rda 
041 0 |a slo 
043 |a e-xo--- 
044 |a xo  |c SK 
072 7 |a 78.011.26  |x Populárna hudba. Populárne piesne. Populárna tanečná hudba  |2 konspekt 
080 |a 78.03.011.26  |2 2011 
080 |a (437.611)  |2 2011 
080 |a (086.72)  |2 2011 
110 2 |a Modus (hudobná skupina)  |4 aut  |9 32288 
245 0 0 |a Bratislavská lýra '86  |b kapely starnú; lepšie je žiť  |c Pavol Hammel a Ján Lehotský so skupinou Modus 
264 1 |a [Bratislava]  |b Opus  |c [1986] 
264 4 |c Ⓟ1986 
300 |a 1 gramofónová platňa  |c 18 cm 
336 |a hraná hudba  |b prm  |2 rdacontent 
337 |a audio  |b s  |2 rdamedia 
338 |a iný  |b z  |2 rdacarrier 
340 |a vinyl  |a rda 
344 |a analog  |c 45 ot/min  |g stereo  |2 rda 
500 |a Platňa obsahuje 2 piesne 
500 |a Názov prevzatý z obalu 
500 |a Miesto vydania podľa vydavateľa 
611 2 7 |a Bratislavská lýra  |d (1986 :  |c Bratislava, Slovensko)  |2 snkbucl  |9 365876 
650 0 7 |a populárna hudba  |2 SNKPH  |9 3428 
650 0 7 |a Popular music  |2 SNKPHeng  |9 90436 
651 7 |a Bratislava (Slovensko)  |2 SNKPHgeo  |9 14568 
651 7 |a Bratislava (Slovakia)  |2 SNKPHeng  |9 171234 
655 7 |a gramofónové platne  |2 SNKPH  |9 74608 
655 7 |a Gramophone records  |2 SNKPHeng  |9 286457 
700 1 |a Hammel, Pavol,  |d 1948-  |4 sng  |9 98858 
700 1 |a Lehotský, Ján,  |d 1947-  |4 sng  |4 cmp  |9 105633 
700 1 |a Peteraj, Kamil,  |d 1945-  |4 lyr  |9 198049 
740 0 2 |a Kapely starnú  |h zvukový dokument 
740 0 2 |a Lepšie je žiť  |h zvukový dokument 
999 |c 696396  |d 698326 
952 |a SNK  |b SNK  |y PREZ  |7 0  |p 17A1419552  |o snkST 704  |i snk752/86  |0 0  |1 0  |4 0  |d 2020-11-26  |l 0  |r 2026-02-23 20:42:33  |w 2026-02-23 
952 |a SNKMST  |b SNKMST  |y PREZ  |7 0  |p 17A1419553  |o snkST 704 D1  |i snk753/86  |0 0  |1 0  |4 0  |d 2020-11-26  |l 0  |r 2026-02-23 20:42:34  |w 2026-02-23